<?xml version="1.0" encoding="UTF-8"?><?xml-stylesheet type="text/xsl" href="static/style.xsl"?><OAI-PMH xmlns="http://www.openarchives.org/OAI/2.0/" xmlns:xsi="http://www.w3.org/2001/XMLSchema-instance" xsi:schemaLocation="http://www.openarchives.org/OAI/2.0/ http://www.openarchives.org/OAI/2.0/OAI-PMH.xsd"><responseDate>2026-04-13T06:53:00Z</responseDate><request verb="GetRecord" identifier="oai:www.recercat.cat:2117/460011" metadataPrefix="marc">https://recercat.cat/oai/request</request><GetRecord><record><header><identifier>oai:recercat.cat:2117/460011</identifier><datestamp>2026-03-28T16:40:48Z</datestamp><setSpec>com_2072_1033</setSpec><setSpec>col_2072_452951</setSpec></header><metadata><record xmlns="http://www.loc.gov/MARC21/slim" xmlns:dcterms="http://purl.org/dc/terms/" xmlns:xsi="http://www.w3.org/2001/XMLSchema-instance" xmlns:doc="http://www.lyncode.com/xoai" xsi:schemaLocation="http://www.loc.gov/MARC21/slim http://www.loc.gov/standards/marcxml/schema/MARC21slim.xsd">
   <leader>00925njm 22002777a 4500</leader>
   <datafield ind2=" " ind1=" " tag="042">
      <subfield code="a">dc</subfield>
   </datafield>
   <datafield ind2=" " ind1=" " tag="720">
      <subfield code="a">Barranquero Morata, David</subfield>
      <subfield code="e">author</subfield>
   </datafield>
   <datafield ind2=" " ind1=" " tag="260">
      <subfield code="c">2026-01-23</subfield>
   </datafield>
   <datafield ind2=" " ind1=" " tag="520">
      <subfield code="a">Aquest projecte està enfocat a les optimitzacions en compiladors. Les optimitzacions són un part important del procés de creació de software, com també ho és conèixer les seves característiques i possibilitats per poder realitzar programari més eficient amb aquestes eines. En aquest projecte es tractarà de documentar cada fase del procés d’optimització, passant el codi a la forma intermèdia SSA i realitzant vàries optimitzacions, Constant Folding, Copy i Constant Propagation, Common Subexpression Elimination i Dead-Code Elimination. Aquesta documentació anirà complementada per una part implementada a un compilador permetent el seu ús. Tot això permetrà que altres estudiants puguin ampliar els seus coneixement amb aquesta nova informació, ja que la part implementada fa ús del compilador de l’assignatura de Compiladors de la Facultat d’Informàtica de Barcelona de la Universitat Politècnica de Catalunya, permetent una integració més fàcil a l’assignatura. A més, aquesta ampliació del compilador és una infraestructura pel codi en forma SSA que permet alhora, seguint-se ampliant amb altres optimitzacions.</subfield>
   </datafield>
   <datafield ind1="8" ind2=" " tag="024">
      <subfield code="a">https://hdl.handle.net/2117/460011</subfield>
   </datafield>
   <datafield tag="653" ind2=" " ind1=" ">
      <subfield code="a">Àrees temàtiques de la UPC::Informàtica::Enginyeria del software</subfield>
   </datafield>
   <datafield tag="653" ind2=" " ind1=" ">
      <subfield code="a">Compilers (Computer programs)</subfield>
   </datafield>
   <datafield tag="653" ind2=" " ind1=" ">
      <subfield code="a">Software engineering</subfield>
   </datafield>
   <datafield tag="653" ind2=" " ind1=" ">
      <subfield code="a">Compiladors (Programes d'ordinador)</subfield>
   </datafield>
   <datafield tag="653" ind2=" " ind1=" ">
      <subfield code="a">Enginyeria de programari</subfield>
   </datafield>
   <datafield ind2="0" ind1="0" tag="245">
      <subfield code="a">Generació de codi en SSA form amb aplicació de diverses tècniques d'optimització</subfield>
   </datafield>
</record></metadata></record></GetRecord></OAI-PMH>